Analýza krajín Európskej únie na základe vybraných sociálno-ekonomických a demografických ukazovateľov využitím metódy normovanej premennej

Analýza krajín EÚ na základe zvolených socio-ekonomických a demografických indikátorov. Použitie metódy normovanej premennej. Výpočty realizované prostredníctvom stanovania váh. Následné zhodetenie a porovnanie krajín.

Salvato in:
Dettagli Bibliografici
Autore principale: Hurbánková, Ľubica, 1980-
Natura: Capitolo di libro
Lingua:slovacco
Soggetti:
Tags: Aggiungi Tag
Nessun Tag, puoi essere il primo ad aggiungerne!!

MARC

LEADER 00000naa$a2200000$$$4500
001 0260713
005 20240502074130.4
041 0 |a slo 
044 |a SK 
245 1 0 |a Analýza krajín Európskej únie na základe vybraných sociálno-ekonomických a demografických ukazovateľov využitím metódy normovanej premennej  |c Ľubica Hurbánková 
520 |a Analýza krajín EÚ na základe zvolených socio-ekonomických a demografických indikátorov. Použitie metódy normovanej premennej. Výpočty realizované prostredníctvom stanovania váh. Následné zhodetenie a porovnanie krajín. 
610 2 0 |a ukazovatele demografické 
610 2 0 |a ukazovatele sociálno-ekonomické 
610 2 0 |a analýzy 
610 2 0 |a porovnanie štatistické medzinárodné 
610 2 0 |a Európska únia 
100 1 |a Hurbánková, Ľubica, 1980-